000 00625nam a2200241Ia 4500
001 9313
005 20240113234159.0
007 ta
008 130403s1934 ii g b000 u 465 u
040 _aCotton College,Assam
041 _aeng
082 _a822.9109
_bSh 764 P
100 _aShaw, Bernard .
245 0 _aPrefaces by Bernard Shaw /
_cBernard Shaw.
_hTextual Documents
250 _a1st ed /
260 _aLondon :
_bConstable & Co ,
_c1934.
300 _avi, 802p. ;
_c23cm..
504 _aIndex
653 _aEnglish-Drama-Criticism
942 _2ddc
_cBK
999 _c9300
_d9300